LEADER 00940nam a2200229 u 4500 001 000000068730 003 CaOOAMICUS 005 20070226121829.0 008 020318s1881 it u000 u ita u 035 $a10924274 040 $aPUL(R)$bita 100 1 $aRosmini Serbati, Antonio,$cI.D.C.,$d1797-1855.$0(OLS)http://pul/name/586 245 10$aDella Missione a Roma negli anni 1848-49 :$bcommentario /$cdi Antonio Rosmini. 260 $aTorino :$bParavia,$c1881. 300 $a418 p. ;$c26 cm 651 4$aItalia$xStoria$ySec. XIX.$0(OLS)http://pul/subject/3097 850 $aPUL 852 $aPUL$W1$xDP1 Antico 800$y27$m118 I 34$j88859$nBK-PRI$b $qStampati Antico$B88859$CPULBib$Z2$F88859 $H $81 941 1 $a15 961 $aINV: 62580 996 $6245$aDella Missione a Roma negli anni 1848-49 :$bcommentario$9(OLS)http://pul/title/90870 996 $6260$aTorino :$bParavia$9(OLS)http://pul/publisher/52077 LEADER 01171nam a2200301 u 4500 001 000000171352 003 CaOOAMICUS 005 20190121113723.0 008 190121s2018 it u000 u ita r 020 $z978-88-921-1721-1* 032 $aLibriCat 040 $aPUL$bita 084 $a344. 4501 100 1 $aPessi, Roberto,$d1948-$0(OLS)http://pul/name/40189 245 10$aLezioni di diritto del lavoro /$cRoberto Pessi. 250 $a8.ed. 260 $aTorino :$bGiappichelli,$c2018. 300 $aix, 487 p.;$c24 cm 650 4$aDiritto sindacale.$0(OLS)http://pul/subject/34800 650 4$aDiritto del lavoro$xStoria.$0(OLS)http://pul/subject/29711 850 $aPUL 852 $aPUL$W1$xSL Diritto e Scienze Sociali 3$y79$m344. 4501 PESRO 1$j195041$qDDC 21$B199941$CPULBib$Z2$F199941 $H132093 $82 941 1 $a9 996 $6020$z978-88-921-1721-1*$9(OLS)http://pul/number/165617 996 $6084$a344. 4501$9(OLS)http://pul/classification/3191 996 $6245$aLezioni di diritto del lavoro$9(OLS)http://pul/title/142341 996 $6260$aTorino :$bGiappichelli$9(OLS)http://pul/publisher/48244